Orange Logos Close-Up Quiz Stats

 Plays Quiz Updated May 18, 2018

Score 0/20 Timer 06:00
11 Plays Today
Hint Answer % Correct
Fanta
99.1%
Nickelodeon
96.1%
Harley-Davidson
93.1%
Firefox
92.2%
Sporcle
92%
Reese's
90.4%
Hooters
90.3%
New York Knicks
86.8%
Gatorade
86%
Baltimore Orioles
67.1%
Hint Answer % Correct
Cincinnati Bengals
66.9%
San Francisco Giants
65.2%
SoundCloud
64.4%
Cleveland Browns
63.6%
Penguin Books
63.6%
Timberland
55.4%
ING
49.7%
Hermès
45.3%
Blogger
27.9%
Thomson Reuters
20.7%

You're not logged in!

Compare scores with friends on all Sporcle quizzes.
OR
Log In

Sporcle TV

Today on Sporcle TV


Watch our educational content, quiz creation guides, and fun videos on Sporcle TV.

Show Comments

Extras

Top Quizzes Today


Score Distribution

Your Account Isn't Verified!

In order to create a playlist on Sporcle, you need to verify the email address you used during registration. Go to your Sporcle Settings to finish the process.

Report this User

Report this user for behavior that violates our Community Guidelines.

Details: